| 000 | 00975nam a22002655i 4500 | ||
|---|---|---|---|
| 001 | 176857 | ||
| 003 | ES-MaACL | ||
| 005 | 20250825062632.0 | ||
| 008 | 110215s1957 sp abd |||| | spa d | ||
| 080 | _a930.85:087.5 | ||
| 080 | _a550.3(091) | ||
| 100 | 1 |
_aFisher, James. _9145197 |
|
| 245 | 1 | 0 |
_a25000 siglos de historia de la Tierra _b: la fascinadora aventura del mundo en que vivimos / _cpor James Fisher ; traducción del inglés por Ernesto Mascaró. |
| 260 |
_aBarcelona : _bDaimon, _c1957. |
||
| 300 |
_a68 p. : _bil. col. ; _c33 cm. |
||
| 490 | 1 |
_aEnciclopedia juvenil del siglo XX ; _v2 |
|
| 650 | 4 |
_aCivilización- _xHistoria- _vLibros infantiles. _9140475 |
|
| 650 | 4 |
_aTierra (Planeta)- _vHistoria. _9184124 |
|
| 655 | 7 |
_aLibros infantiles _2tgfbne _9226786 |
|
| 700 | 1 |
_aMascaró, Ernesto. _978682 |
|
| 830 | 1 |
_aEnciclopedia juvenil del siglo XX ; _v2 _9190275 |
|
| 852 | 4 |
_aES-MaACL _jE-14311 _xOlim P-1064 |
|
| 942 | _2udc | ||
| 999 |
_c176857 _d176857 |
||